[Event "Fagernes op"]
[Site "Fagernes"]
[Date "2020.10.09"]
[Round "7"]
[White "Khoo Thwe, Louis"]
[Black "Hausken, Andreas Skrede"]
[Result "1/2-1/2"]
[WhiteElo "1835"]
[BlackElo "1823"]
[PlyCount "101"]
[EventDate "2020.10.04"]
[EventType "swiss"]
[EventRounds "9"]
[EventCountry "NOR"]
[SourceTitle "EXT 2024"]
[Source "ChessBase"]
[SourceDate "2023.10.10"]
[SourceVersion "1"]
[SourceVersionDate "2023.10.10"]
[SourceQuality "1"]

1. e4 c5 2. Nf3 e6 3. d4 cxd4 4. Nxd4 Nc6 5. Nc3 Qc7 6. Be3 a6 7. a3 Nf6 8. f4 d6 9. Qf3 Bd7 10. 0-0-0 Rc8 11. Nxc6 Bxc6 12. g4 Bxe4 13. Qe2 Bxh1 14. Bh3 Bc6 15. g5 Ne4 16. Bd4 Nxc3 17. Bxc3 Bb5 18. Qh5 Qc4 19. Bxe6 Qxe6 20. Re1 Qxe1+ 21. Bxe1 Be7 22. Bc3 0-0 23. f5 Rc5 24. Bxg7 Rxf5 25. Bxf8 Rxg5 26. Qf3 Bxf8 27. Qxb7 Rg1+ 28. Kd2 Bh6+ 29. Kc3 Bg7+ 30. Kb3 Be5 31. Qc8+ Kg7 32. c4 Rg2 33. cxb5 Rxb2+ 34. Ka4 axb5+ 35. Ka5 Rxh2 36. Qg4+ Kf6 37. Qf3+ Ke6 38. Qg4+ f5 39. Qg8+ Kf6 40. Qf8+ Kg5 41. Kxb5 Rb2+ 42. Kc6 h5 43. Qg8+ Kf4 44. Qc4+ Kg3 45. Qg8+ Kf3 46. Qg6 f4 47. Qxh5+ Ke3 48. Qg5 Ke2 49. Qg2+ Ke3 50. Qg1+ Ke2 51. Qg2+ 1/2-1/2

[Event "Fagernes op"]
[Site "Fagernes"]
[Date "2020.10.07"]
[Round "5"]
[White "Khoo Thwe, Louis"]
[Black "Modell, Brage"]
[Result "0-1"]
[WhiteElo "1835"]
[BlackElo "1844"]
[PlyCount "74"]
[EventDate "2020.10.04"]
[EventType "swiss"]
[EventRounds "9"]
[EventCountry "NOR"]
[SourceTitle "EXT 2024"]
[Source "ChessBase"]
[SourceDate "2023.10.10"]
[SourceVersion "1"]
[SourceVersionDate "2023.10.10"]
[SourceQuality "1"]

1. e4 e6 2. d4 d5 3. Nd2 Be7 4. Bd3 c5 5. dxc5 a5 6. Ngf3 Na6 7. exd5 exd5 8. c3 Nxc5 9. Bc2 Nf6 10. 0-0 Bg4 11. Re1 0-0 12. Nf1 Nce4 13. Ne3 Bc5 14. c4 Qb6 15. cxd5 Bh5 16. g4 Nxf2 17. Kxf2 Nxg4+ 18. Kg2 Bxe3 19. Qd3 Bg6 20. Bxe3 Nxe3+ 21. Qxe3 Qxe3 22. Rxe3 Bxc2 23. Rc1 Rac8 24. Re7 Rfd8 25. Kg3 Kf8 26. Re2 Ba4 27. Rxc8 Rxc8 28. b3 Bb5 29. Rd2 f6 30. Kf4 Kf7 31. Nd4 Bd7 32. d6 Rc5 33. a4 Rd5 34. Nf3 Rxd2 35. Nxd2 Be6 36. Ke4 Ke8 37. Kd4 b6 0-1

[Event "Fagernes op"]
[Site "Fagernes"]
[Date "2020.10.06"]
[Round "3"]
[White "Cross, Jamie"]
[Black "Khoo Thwe, Louis"]
[Result "0-1"]
[WhiteElo "1711"]
[BlackElo "1835"]
[PlyCount "64"]
[EventDate "2020.10.04"]
[EventType "swiss"]
[EventRounds "9"]
[EventCountry "NOR"]
[SourceTitle "EXT 2024"]
[Source "ChessBase"]
[SourceDate "2023.10.10"]
[SourceVersion "1"]
[SourceVersionDate "2023.10.10"]
[SourceQuality "1"]

1. d4 Nf6 2. Nc3 d5 3. Bf4 e6 4. e3 Bb4 5. Bd3 0-0 6. Nf3 Ne4 7. Bxe4 dxe4 8. Nd2 f5 9. h4 Nd7 10. Nb5 Ba5 11. b4 a6 12. bxa5 axb5 13. Qe2 c6 14. Bd6 Re8 15. Bb4 e5 16. c3 exd4 17. cxd4 Nf6 18. g3 Nd5 19. a3 b6 20. Nb3 bxa5 21. Bd2 Be6 22. Nc5 Nf6 23. 0-0 Bc4 24. Qe1 Nd7 25. Nxd7 Qxd7 26. Bxa5 f4 27. Bd2 Bxf1 28. Qxf1 fxg3 29. fxg3 Rf8 30. Qg2 Rf3 31. Rf1 Qg4 32. Rxf3 exf3 0-1

[Event "EU-ch U10"]
[Site "Bratislava"]
[Date "2019.08.10"]
[Round "9"]
[White "Khoo Thwe, Louis"]
[Black "Batozhargalov, Erdem"]
[Result "1-0"]
[WhiteElo "1827"]
[BlackElo "1080"]
[PlyCount "99"]
[EventDate "2019.08.02"]
[EventType "swiss"]
[EventRounds "9"]
[EventCountry "SVK"]
[SourceTitle "EXT 2020"]
[Source "ChessBase"]
[SourceDate "2019.10.17"]
[SourceVersion "1"]
[SourceVersionDate "2019.10.17"]
[SourceQuality "1"]

1. e4 e5 2. Nf3 Nc6 3. Bc4 Nf6 4. d3 Bc5 5. 0-0 0-0 6. c3 a6 7. Nbd2 d6 8. Re1 Ba7 9. Nf1 Ng4 10. Re2 Kh8 11. h3 f5 12. hxg4 fxg4 13. N3h2 Qf6 14. Be3 Bxe3 15. Nxe3 h5 16. Nd5 Qd8 17. Re3 Na5 18. Qd2 h4 19. g3 c6 20. Nb4 h3 21. Qe2 Qg5 22. d4 b5 23. Bb3 c5 24. dxc5 dxc5 25. Nd5 c4 26. Bd1 Qh6 27. b4 Nc6 28. a4 Rb8 29. axb5 axb5 30. Qd2 Qg6 31. Ra2 Be6 32. Ra6 Rbc8 33. Rxc6 Rxc6 34. Ne7 Qe8 35. Nxc6 Qxc6 36. Bxg4 Bxg4 37. Nxg4 Qe6 38. f3 Ra8 39. Re1 Rf8 40. Rf1 Qg6 41. Kh2 Qh5 42. Qd5 Re8 43. Qxb5 Rd8 44. Rf2 Rd1 45. Ra2 Qg5 46. Qxe5 Qd8 47. Qf4 Re1 48. Ne5 Qd1 49. Qh4+ Kg8 50. Ra8+ 1-0

[Event "EU-ch U10"]
[Site "Bratislava"]
[Date "2019.08.08"]
[Round "7"]
[White "Blumenthal, Michael"]
[Black "Khoo Thwe, Louis"]
[Result "1-0"]
[WhiteElo "1427"]
[BlackElo "1827"]
[PlyCount "31"]
[EventDate "2019.08.02"]
[EventType "swiss"]
[EventRounds "9"]
[EventCountry "SVK"]
[SourceTitle "EXT 2020"]
[Source "ChessBase"]
[SourceDate "2019.10.17"]
[SourceVersion "1"]
[SourceVersionDate "2019.10.17"]
[SourceQuality "1"]

1. e4 e5 2. Bc4 Nf6 3. d3 Bc5 4. Nc3 0-0 5. f4 d6 6. Nf3 Ng4 7. Ng5 h6 8. f5 Nf2 9. Qh5 Nxh1 10. Nxf7 Rxf7 11. Qxf7+ Kh8 12. f6 Bf2+ 13. Kf1 Ng3+ 14. hxg3 gxf6 15. Bxh6 Qe7 16. Qg8# 1-0

[Event "EU-ch U10"]
[Site "Bratislava"]
[Date "2019.08.07"]
[Round "6"]
[White "Khoo Thwe, Louis"]
[Black "Yonal, Timur"]
[Result "0-1"]
[WhiteElo "1827"]
[BlackElo "1517"]
[PlyCount "112"]
[EventDate "2019.08.02"]
[EventType "swiss"]
[EventRounds "9"]
[EventCountry "SVK"]
[SourceTitle "EXT 2020"]
[Source "ChessBase"]
[SourceDate "2019.10.17"]
[SourceVersion "1"]
[SourceVersionDate "2019.10.17"]
[SourceQuality "1"]

1. e4 c5 2. Nf3 Nc6 3. Bb5 e6 4. 0-0 Nge7 5. Re1 g6 6. c3 Bg7 7. d4 cxd4 8. cxd4 Qb6 9. Na3 d5 10. exd5 Nxd5 11. Nc4 Qc7 12. Nce5 0-0 13. Bxc6 bxc6 14. Qa4 Bb7 15. Bd2 Nb6 16. Qa5 Rfd8 17. Bf4 Qe7 18. Rac1 Rd5 19. Qc3 Rc8 20. Qe3 c5 21. dxc5 Rdxc5 22. Qa3 Nd5 23. Rxc5 Qxc5 24. Qxc5 Rxc5 25. Bg3 Rc2 26. Nd3 Ba6 27. Nf4 Nxf4 28. Bxf4 Bc4 29. b3 Bd5 30. Rc1 Rxc1+ 31. Bxc1 Bxf3 32. gxf3 Be5 33. Be3 a6 34. Kf1 Bxh2 35. f4 e5 36. f5 Bf4 37. Bxf4 exf4 38. f6 Kf8 39. b4 Ke8 40. a4 Kd7 41. Ke2 h5 42. Kf3 g5 43. Ke4 h4 44. b5 axb5 45. axb5 h3 46. Kf3 Kc7 47. b6+ Kxb6 48. Kg4 h2 49. Kxg5 h1Q 50. Kf5 Kc6 51. Kg5 Kd5 52. Kf5 f3 53. Kg4 Ke5 54. Kg5 Qg2+ 55. Kh5 Kf5 56. Kh6 Qg6# 0-1

[Event "Helsingor Xtracon op"]
[Site "Helsingor"]
[Date "2019.07.24"]
[Round "6"]
[White "Khoo Thwe, Louis"]
[Black "Rolvag, Birk Anders"]
[Result "1/2-1/2"]
[WhiteElo "1746"]
[BlackElo "1956"]
[PlyCount "67"]
[EventDate "2019.07.20"]
[EventType "swiss"]
[EventRounds "10"]
[EventCountry "DEN"]
[SourceTitle "CBM 191 Extra"]
[Source "ChessBase"]
[SourceDate "2019.09.30"]
[SourceVersion "1"]
[SourceVersionDate "2019.09.30"]
[SourceQuality "1"]

1. e4 c5 2. Nf3 Nc6 3. Bb5 g6 4. 0-0 Bg7 5. c3 e5 6. d3 Nge7 7. Be3 Qb6 8. Na3 0-0 9. b4 d6 10. bxc5 dxc5 11. Rb1 Nd8 12. Bc4 Qc6 13. Rb5 b6 14. d4 cxd4 15. cxd4 Qxe4 16. Bg5 Qb7 17. dxe5 Be6 18. Bf6 Rc8 19. Bxe6 Nxe6 20. Qa4 Rc3 21. Qb4 Rc7 22. Nc4 Nd5 23. Rxd5 Qxd5 24. Ne3 Qc5 25. Qh4 Rd7 26. Ng4 h5 27. Bxg7 Kxg7 28. Nf6 Rd3 29. Nxh5+ gxh5 30. Qf6+ Kg8 31. Ng5 Nxg5 32. Qxg5+ Kh7 33. Qxh5+ Kg8 34. Qg5+ 1/2-1/2

[Event "Gibraltar Amateur op-A"]
[Site "Caleta"]
[Date "2019.01.25"]
[Round "5"]
[White "Khoo Thwe, Louis"]
[Black "Sharma, Pankaj1111"]
[Result "1/2-1/2"]
[WhiteElo "1617"]
[BlackElo "1809"]
[PlyCount "105"]
[EventDate "2019.01.21"]
[EventType "swiss"]
[EventRounds "5"]
[EventCountry "GGB"]
[SourceTitle "CBM 188 Extra"]
[Source "ChessBase"]
[SourceDate "2019.02.26"]
[SourceVersion "1"]
[SourceVersionDate "2019.02.26"]
[SourceQuality "1"]

1. e4 c5 2. Nf3 d6 3. d4 cxd4 4. Nxd4 Nf6 5. Nc3 a6 6. Bg5 e6 7. Be2 Be7 8. 0-0 0-0 9. Kh1 Qc7 10. f4 h6 11. Bxf6 Bxf6 12. f5 Nc6 13. Nxc6 bxc6 14. Bd3 d5 15. fxe6 Bxe6 16. exd5 cxd5 17. Qh5 Qe5 18. Qf3 Qg5 19. Rae1 Rab8 20. Rb1 a5 21. Nb5 Bg4 22. Qf4 Qh5 23. h3 Be2 24. Bxe2 Qxe2 25. Nd4 Qc4 26. Nf5 Bxb2 27. Ne7+ Kh7 28. Qf5+ g6 29. Qxd5 Qxd5 30. Nxd5 Kg7 31. Ne7 a4 32. Nc6 Rb6 33. Ne5 Rb7 34. Nd3 a3 35. Rf2 Rc8 36. g3 Rcc7 37. Kg2 f5 38. h4 Rc3 39. h5 g5 40. Rxf5 Rxc2+ 41. Rf2 Rxf2+ 42. Nxf2 Rc7 43. Ng4 Rd7 44. Kh2 Rd6 45. Kg2 Kg8 46. Kh3 Kg7 47. Kg2 Kf7 48. Kh3 Kf8 49. Ne3 Re6 50. Ng4 Rd6 51. Ne3 Re6 52. Ng4 Rd6 53. Ne3 1/2-1/2

[Event "Gibraltar Amateur op-A"]
[Site "Caleta"]
[Date "2019.01.23"]
[Round "3"]
[White "Khoo Thwe, Louis"]
[Black "Bullock, Lee"]
[Result "1-0"]
[WhiteElo "1617"]
[BlackElo "1524"]
[PlyCount "53"]
[EventDate "2019.01.21"]
[EventType "swiss"]
[EventRounds "5"]
[EventCountry "GGB"]
[SourceTitle "CBM 188 Extra"]
[Source "ChessBase"]
[SourceDate "2019.02.26"]
[SourceVersion "1"]
[SourceVersionDate "2019.02.26"]
[SourceQuality "1"]

1. e4 c5 2. Nf3 d6 3. d4 cxd4 4. Nxd4 Nf6 5. Nc3 a6 6. Bg5 e5 7. Nf3 Be7 8. Be2 Be6 9. 0-0 Nbd7 10. Nd2 0-0 11. f4 exf4 12. Bxf4 Qb6+ 13. Kh1 Qxb2 14. Rf3 Qb6 15. Rb1 Qc7 16. h3 Rac8 17. Nf1 Nc5 18. Ng3 b5 19. Qd2 Rfd8 20. Bg5 h6 21. Bxf6 Bxf6 22. Rxf6 Nd7 23. Rf3 Ne5 24. Re3 Bc4 25. Nf5 Bxe2 26. Qxe2 Nc4 27. Nd5 1-0

[Event "Gibraltar Amateur op-A"]
[Site "Caleta"]
[Date "2019.01.22"]
[Round "2"]
[White "Khoo Thwe, Louis"]
[Black "Portman, Carl S"]
[Result "0-1"]
[WhiteElo "1617"]
[BlackElo "1884"]
[PlyCount "112"]
[EventDate "2019.01.21"]
[EventType "swiss"]
[EventRounds "5"]
[EventCountry "GGB"]
[SourceTitle "CBM 188 Extra"]
[Source "ChessBase"]
[SourceDate "2019.02.26"]
[SourceVersion "1"]
[SourceVersionDate "2019.02.26"]
[SourceQuality "1"]

1. e4 e6 2. d4 d5 3. Nd2 c5 4. Ngf3 Nc6 5. Bb5 Bd7 6. exd5 exd5 7. Qe2+ Qe7 8. dxc5 Qxe2+ 9. Kxe2 Bxc5 10. Nb3 Bb6 11. Rd1 Nge7 12. Bf4 0-0 13. Bd6 Rfe8 14. Kf1 a6 15. Ba4 Bg4 16. Bxe7 Rxe7 17. Rxd5 Nb4 18. Rd2 Bxf3 19. gxf3 Bc7 20. c3 Nc6 21. Bxc6 bxc6 22. Nd4 c5 23. Nf5 Re6 24. Ng3 Rb8 25. Re1 Reb6 26. Re7 Bxg3 27. fxg3 g6 28. Ree2 Kg7 29. f4 R8b7 30. c4 a5 31. a3 h5 32. Ke1 Rb3 33. Kf2 a4 34. Kg2 R7b6 35. Kh3 Rb7 36. Kh4 R7b6 37. g4 hxg4 38. Kxg4 f5+ 39. Kh4 Kh6 40. h3 Rf3 41. Rf2 Rbb3 42. Rxf3 Rxf3 43. Rc2 Rxf4+ 44. Kg3 Rd4 45. Kg2 Kg5 46. Kh2 f4 47. Kg2 Kf5 48. Kf2 g5 49. Ke2 Ke4 50. Rc3 Kf5 51. Ke1 g4 52. hxg4+ Kxg4 53. Ke2 Re4+ 54. Kf2 Rd4 55. Ke2 Rd8 56. Rf3 Rb8 0-1

[Event "Oslo op"]
[Site "Oslo"]
[Date "2018.10.01"]
[Round "2"]
[White "Khoo Thwe, Louis"]
[Black "Sidali, Elias Hulleberg"]
[Result "0-1"]
[WhiteElo "1530"]
[BlackElo "1883"]
[PlyCount "118"]
[EventDate "2018.09.30"]
[EventType "swiss"]
[EventRounds "10"]
[EventCountry "NOR"]
[SourceTitle "EXT 2020"]
[Source "ChessBase"]
[SourceDate "2019.10.17"]
[SourceVersion "1"]
[SourceVersionDate "2019.10.17"]
[SourceQuality "1"]

1. e4 c6 2. d4 d5 3. e5 c5 4. c3 Nc6 5. Nf3 Bg4 6. Be2 e6 7. 0-0 Nge7 8. Bg5 h6 9. Bh4 g5 10. Bg3 Nf5 11. Nbd2 cxd4 12. cxd4 Qb6 13. Qa4 Qb4 14. Bb5 Qxa4 15. Bxa4 Bxf3 16. Nxf3 g4 17. Nh4 Nfxd4 18. Rfd1 Ne2+ 19. Kf1 Nxg3+ 20. hxg3 Bg7 21. f4 gxf3 22. Nxf3 Ke7 23. Bxc6 bxc6 24. Rac1 Rhc8 25. b4 a5 26. a3 axb4 27. axb4 Rab8 28. Rd4 Rb6 29. Rg4 Kf8 30. Ra1 Rb7 31. Re1 Kg8 32. Rc1 Kh7 33. Rf4 Rcc7 34. Kg1 Bf8 35. Nd4 c5 36. Nxe6 fxe6 37. Rxf8 Kg7 38. Re8 cxb4 39. Rxc7+ Rxc7 40. Rxe6 Rb7 41. Rf6 b3 42. Rf1 b2 43. Rb1 Kf7 44. Kf2 Ke6 45. Ke3 Kxe5 46. g4 Rb3+ 47. Kd2 Kf4 48. Kc2 Rb5 49. g5 hxg5 50. Rxb2 Rxb2+ 51. Kxb2 Ke3 52. Kc2 d4 53. Kd1 d3 54. g3 g4 55. Ke1 d2+ 56. Kd1 Kf3 57. Kxd2 Kxg3 58. Ke2 Kh2 59. Kf2 g3+ 0-1

[Event "Oslo op"]
[Site "Oslo"]
[Date "2018.09.30"]
[Round "1"]
[White "Gonzalez, Francisco Silva"]
[Black "Khoo Thwe, Louis"]
[Result "1-0"]
[WhiteElo "2123"]
[BlackElo "1530"]
[PlyCount "119"]
[EventDate "2018.09.30"]
[EventType "swiss"]
[EventRounds "10"]
[EventCountry "NOR"]
[SourceTitle "EXT 2020"]
[Source "ChessBase"]
[SourceDate "2019.10.17"]
[SourceVersion "1"]
[SourceVersionDate "2019.10.17"]
[SourceQuality "1"]

1. d4 Nf6 2. c4 e6 3. Nc3 Bb4 4. Qc2 d5 5. cxd5 exd5 6. Bg5 0-0 7. e3 h6 8. Bh4 c6 9. Bd3 Re8 10. Nge2 Qd6 11. a3 Ba5 12. b4 Bc7 13. Rc1 a6 14. Bxf6 Qxf6 15. Nxd5 cxd5 16. Qxc7 Nc6 17. 0-0 Re7 18. Qf4 Qxf4 19. Nxf4 Be6 20. Rc5 Rd8 21. h3 g5 22. Nh5 f5 23. Rfc1 Bf7 24. Ng3 f4 25. Nf5 Re6 26. Bxa6 Nxd4 27. Rc8 Rxc8 28. Rxc8+ Re8 29. Nxh6+ Kg7 30. Rxe8 Bxe8 31. exd4 bxa6 32. Ng4 Kf7 33. Ne5+ Ke6 34. Nd3 Bb5 35. Nc5+ Kd6 36. f3 Kc6 37. Kf2 Kd6 38. g3 Ke7 39. a4 Bc4 40. g4 Kf6 41. Nd7+ Ke6 42. Ne5 Kd6 43. Nf7+ Kc6 44. Nxg5 Bb3 45. b5+ axb5 46. axb5+ Kxb5 47. Ne6 Kc4 48. h4 Ba4 49. h5 Be8 50. Nxf4 Kxd4 51. h6 Ke5 52. h7 Kxf4 53. h8Q Kg5 54. Qe5+ Kh6 55. Qxe8 d4 56. f4 Kh7 57. g5 Kg7 58. f5 d3 59. f6+ Kh7 60. Qf7+ 1-0

[Event "BCF-ch U10"]
[Site "Hull"]
[Date "2018.08.04"]
[Round "7"]
[White "Khoo Thwe, Louis"]
[Black "Stoyanov, Boris1111"]
[Result "1-0"]
[WhiteElo "1605"]
[BlackElo "1409"]
[PlyCount "55"]
[EventDate "2018.07.29"]
[EventType "swiss"]
[EventRounds "7"]
[EventCountry "ENG"]
[SourceTitle "EXT 2021"]
[Source "ChessBase"]
[SourceDate "2020.10.23"]
[SourceVersion "1"]
[SourceVersionDate "2020.10.23"]
[SourceQuality "1"]

1. e4 c5 2. Nf3 g6 3. d4 Bg7 4. c3 cxd4 5. cxd4 d6 6. Nc3 Nd7 7. Bc4 h6 8. Qb3 e6 9. Bf4 Nb6 10. Bb5+ Bd7 11. Bxd6 Ne7 12. e5 0-0 13. Ne4 Re8 14. Rc1 Rc8 15. 0-0 Ned5 16. Nc5 Bxb5 17. Qxb5 a6 18. Qb3 Re7 19. Bxe7 Qxe7 20. Ne4 Qd7 21. Nd6 Rc6 22. Rxc6 Qxc6 23. Nd2 Bf8 24. N2c4 Nxc4 25. Qxc4 Bxd6 26. Qxc6 bxc6 27. exd6 Kf8 28. Rc1 1-0

[Event "GBR-ch 105th U2050"]
[Site "Hull"]
[Date "2018.08.02"]
[Round "4"]
[White "Hilton, Tim"]
[Black "Khoo Thwe, Louis"]
[Result "1-0"]
[WhiteElo "1857"]
[BlackElo "1605"]
[PlyCount "61"]
[EventDate "2018.07.30"]
[EventType "swiss"]
[EventRounds "5"]
[EventCountry "ENG"]
[SourceTitle "EXT 2019"]
[Source "ChessBase"]
[SourceDate "2018.10.10"]
[SourceVersion "1"]
[SourceVersionDate "2018.10.10"]
[SourceQuality "1"]

1. d4 Nf6 2. Bf4 e6 3. Nf3 b6 4. e3 Bb7 5. Nbd2 c5 6. Bd3 Nc6 7. 0-0 Be7 8. c3 0-0 9. h3 h6 10. Qe2 Re8 11. Rad1 d5 12. Rfe1 Rc8 13. Ne5 Bd6 14. Bb1 Bxe5 15. dxe5 Nd7 16. Qd3 Ncxe5 17. Qh7+ Kf8 18. Qh8+ Ke7 19. Qxg7 Rg8 20. Qxh6 d4 21. Qh4+ f6 22. Qh7+ Kd6 23. Nc4+ Kc7 24. Nxe5 Rxg2+ 25. Kf1 fxe5 26. Bxe5+ Kc6 27. Qe4+ Kb5 28. Qxb7 Rxf2+ 29. Kxf2 Nxe5 30. a4+ Kc4 31. Ba2# 1-0

[Event "BCF-ch U10"]
[Site "Hull"]
[Date "2018.08.02"]
[Round "5"]
[White "Khoo Thwe, Louis"]
[Black "Gardiner, Ethan"]
[Result "1-0"]
[WhiteElo "1605"]
[BlackElo "1495"]
[PlyCount "119"]
[EventDate "2018.07.29"]
[EventType "swiss"]
[EventRounds "7"]
[EventCountry "ENG"]
[SourceTitle "EXT 2021"]
[Source "ChessBase"]
[SourceDate "2020.10.23"]
[SourceVersion "1"]
[SourceVersionDate "2020.10.23"]
[SourceQuality "1"]

1. e4 e5 2. Nf3 Nc6 3. Bc4 Bc5 4. d3 Nf6 5. 0-0 h6 6. c3 d6 7. Nbd2 0-0 8. Re1 a6 9. Nf1 Ba7 10. h3 Na5 11. Bb3 Nxb3 12. axb3 Be6 13. Be3 Bxe3 14. Nxe3 Qd7 15. c4 c6 16. b4 Qc7 17. Qc2 c5 18. Qc3 b6 19. bxc5 bxc5 20. b4 cxb4 21. Qxb4 Rfb8 22. Qd2 a5 23. Ra3 a4 24. Rea1 Bd7 25. Ne1 Rb7 26. N1c2 Rab8 27. Nd1 Qc5 28. Nc3 Qa5 29. Qe2 Rb3 30. Nb5 Rxa3 31. Ncxa3 Bxb5 32. Nxb5 Qa6 33. Qc2 Rc8 34. Qxa4 Qxa4 35. Rxa4 Kf8 36. Nxd6 Rd8 37. c5 Ne8 38. Nxe8 Kxe8 39. Ra3 Rc8 40. Rc3 Kd7 41. f3 Kc6 42. Kf2 Kb5 43. Rb3+ Ka4 44. Rb7 Rxc5 45. Rxf7 Rc2+ 46. Kg3 Rd2 47. Rxg7 Rxd3 48. Rg6 Rd8 49. Re6 Rg8+ 50. Kh2 Kb4 51. Rxe5 Kc4 52. Rd5 Rg6 53. g4 Rf6 54. Kg3 Rf7 55. Rd6 h5 56. g5 Kc5 57. Rh6 Rg7 58. h4 Rg8 59. Rxh5 Kd6 60. Rh6+ 1-0

[Event "BCF-ch U10"]
[Site "Hull"]
[Date "2018.08.01"]
[Round "4"]
[White "Zhu, Hou Ning"]
[Black "Khoo Thwe, Louis"]
[Result "1/2-1/2"]
[WhiteElo "1389"]
[BlackElo "1605"]
[PlyCount "120"]
[EventDate "2018.07.29"]
[EventType "swiss"]
[EventRounds "7"]
[EventCountry "ENG"]
[SourceTitle "EXT 2021"]
[Source "ChessBase"]
[SourceDate "2020.10.23"]
[SourceVersion "1"]
[SourceVersionDate "2020.10.23"]
[SourceQuality "1"]

1. d4 Nf6 2. Bf4 e6 3. e3 b6 4. c3 Bb7 5. Nf3 c5 6. Bd3 d6 7. Nbd2 Nbd7 8. Nc4 Qc7 9. Qc2 b5 10. Ncd2 c4 11. Be2 e5 12. dxe5 dxe5 13. Bg3 Bd6 14. a4 a6 15. axb5 axb5 16. Rxa8+ Bxa8 17. 0-0 0-0 18. b3 Bd5 19. bxc4 bxc4 20. e4 Bb7 21. Bxc4 Rc8 22. Ng5 Rf8 23. Qb3 Nc5 24. Bxf7+ Rxf7 25. Qxf7+ Qxf7 26. Nxf7 Kxf7 27. Nc4 Ncxe4 28. Nxd6+ Nxd6 29. Bxe5 Nc4 30. Bxf6 Kxf6 31. Rd1 Bc8 32. Rd5 Be6 33. Rc5 Ne5 34. f3 h6 35. Rc7 Nc4 36. Kf2 g6 37. Ke2 h5 38. f4 Kf5 39. g3 Kg4 40. Rc6 Bf7 41. Kd3 Kh3 42. Rf6 Bd5 43. Kd4 Bg8 44. Rxg6 Bf7 45. Rg7 Nd6 46. Ke5 Nc4+ 47. Kf6 Bd5 48. Rg5 Bf3 49. Ke6 Kxh2 50. f5 Nd2 51. f6 Ne4 52. Rg7 Bg4+ 53. Ke7 Nxf6 54. Kxf6 Kxg3 55. Rh7 h4 56. c4 h3 57. c5 h2 58. c6 Kg2 59. c7 h1Q 60. Rxh1 Kxh1 1/2-1/2

[Event "BCF-ch U10"]
[Site "Hull"]
[Date "2018.07.31"]
[Round "3"]
[White "Khoo Thwe, Louis"]
[Black "Williams, Alfie"]
[Result "1-0"]
[WhiteElo "1605"]
[BlackElo "1330"]
[PlyCount "47"]
[EventDate "2018.07.29"]
[EventType "swiss"]
[EventRounds "7"]
[EventCountry "ENG"]
[SourceTitle "EXT 2021"]
[Source "ChessBase"]
[SourceDate "2020.10.23"]
[SourceVersion "1"]
[SourceVersionDate "2020.10.23"]
[SourceQuality "1"]

1. e4 e5 2. Nf3 Nc6 3. Bc4 Bc5 4. d3 d6 5. 0-0 Bg4 6. c3 a6 7. Nbd2 b5 8. Bd5 Qd7 9. h3 h5 10. hxg4 hxg4 11. Ng5 Nh6 12. g3 Rb8 13. Nb3 Bb6 14. d4 f6 15. Ne6 a5 16. Bxc6 Qxc6 17. Nxg7+ Kd8 18. d5 Qd7 19. Ne6+ Kc8 20. Bxh6 Rxh6 21. Qxg4 Bc5 22. Nxa5 Bb6 23. Qg8+ Qe8 24. Qxe8# 1-0

[Event "Nordstrand GP B"]
[Site "Oslo"]
[Date "2018.04.22"]
[Round "4"]
[White "Khoo Thwe, Louis"]
[Black "Johannessen, Simon T"]
[Result "1-0"]
[WhiteElo "1745"]
[BlackElo "1446"]
[PlyCount "45"]
[EventDate "2018.04.20"]
[EventType "swiss"]
[EventRounds "5"]
[EventCountry "NOR"]
[SourceTitle "EXT 2024"]
[Source "ChessBase"]
[SourceDate "2023.10.10"]
[SourceVersion "1"]
[SourceVersionDate "2023.10.10"]
[SourceQuality "1"]

1. e4 d5 2. exd5 Nf6 3. d4 Nxd5 4. c4 Nf6 5. Nc3 e6 6. g3 c5 7. Nge2 cxd4 8. Qxd4 Qxd4 9. Nxd4 Bc5 10. Ndb5 Bb6 11. c5 Ba5 12. Nd6+ Ke7 13. Bg2 Bxc3+ 14. bxc3 Nd5 15. c4 Nb4 16. Nxc8+ Rxc8 17. Bxb7 Rc7 18. Bxa8 Nc2+ 19. Kd2 Nxa1 20. Ba3 Rd7+ 21. Kc3 Nc2 22. Kxc2 Rd4 23. Kc3 1-0

[Event "Gibraltar Challengers-B"]
[Site "Caleta"]
[Date "2018.01.29"]
[Round "3"]
[White "Schweitzer, Werner"]
[Black "Khoo Thwe, Louis"]
[Result "1-0"]
[WhiteElo "2060"]
[BlackElo "1724"]
[PlyCount "67"]
[EventDate "2018.01.27"]
[EventType "swiss"]
[EventRounds "5"]
[EventCountry "GGB"]
[SourceTitle "EXT 2019"]
[Source "ChessBase"]
[SourceDate "2018.10.10"]
[SourceVersion "1"]
[SourceVersionDate "2018.10.10"]
[SourceQuality "1"]

1. e4 e5 2. Nc3 Nf6 3. g3 Bc5 4. Bg2 d6 5. Nge2 0-0 6. 0-0 Nc6 7. Na4 Bb6 8. Nxb6 axb6 9. d3 Be6 10. f4 Re8 11. f5 Bc8 12. Nc3 Nd4 13. g4 b5 14. g5 Nd7 15. f6 g6 16. Nd5 Nc5 17. Be3 c6 18. Nb4 Na4 19. c3 Ne6 20. Qd2 Nf8 21. Qf2 c5 22. Nd5 h6 23. Qh4 h5 24. Bf3 Qd7 25. Kg2 Nh7 26. b3 Nxc3 27. Nxc3 Nf8 28. Nd5 Qd8 29. Bxh5 gxh5 30. Qxh5 Ne6 31. g6 fxg6 32. Qxg6+ Kh8 33. Qh6+ Kg8 34. f7# 1-0

[Event "Gibraltar Amateur op-A"]
[Site "Caleta"]
[Date "2018.01.25"]
[Round "4"]
[White "Webel, Peter"]
[Black "Khoo Thwe, Louis"]
[Result "1-0"]
[WhiteElo "1853"]
[BlackElo "1724"]
[PlyCount "79"]
[EventDate "2018.01.22"]
[EventType "swiss"]
[EventRounds "5"]
[EventCountry "GGB"]
[SourceTitle "EXT 2019"]
[Source "ChessBase"]
[SourceDate "2018.10.10"]
[SourceVersion "1"]
[SourceVersionDate "2018.10.10"]
[SourceQuality "1"]

1. d4 Nf6 2. c4 e6 3. Nc3 Bb4 4. e3 b6 5. Nge2 Bb7 6. a3 Bxc3+ 7. Nxc3 0-0 8. Qc2 d5 9. cxd5 exd5 10. b4 Nbd7 11. Nb5 c6 12. Nd6 Qc7 13. Nxb7 Qxb7 14. Be2 Rac8 15. Rb1 b5 16. 0-0 Nb6 17. Rb3 Ne4 18. f3 Nd6 19. e4 Ndc4 20. e5 a6 21. f4 Qa7 22. Rh3 h6 23. f5 Nd7 24. f6 Qxd4+ 25. Kh1 Qe4 26. Bd3 Qxe5 27. fxg7 Rfe8 28. Bh7+ Kxg7 29. Bxh6+ Kh8 30. Bf4 Qe1 31. Bg8+ Kxg8 32. Qh7+ Kf8 33. Bh6+ Ke7 34. Rxe1+ Kd8 35. Rxe8+ Kxe8 36. Qg8+ Nf8 37. Qxf8+ Kd7 38. Qxf7+ Kd6 39. Bf4+ Ne5 40. Rh6# 1-0